UNDERSTANDING ELECTRICITY AND ELECTRONICS TECHNOLOGY (Record no. 575012)
[ view plain ]
| 000 -LEADER | |
|---|---|
| fixed length control field | 00457nam a22001457a 4500 |
| 020 ## - INTERNATIONAL STANDARD BOOK NUMBER | |
| International Standard Book Number | 0-07-008646-X |
| 082 ## - DEWEY DECIMAL CLASSIFICATION NUMBER | |
| Classification number | 621.3 BUB |
| 100 ## - MAIN ENTRY--PERSONAL NAME | |
| Personal name | CARTER, CHARLES G, SCHMITT, MARSHALL L, BUBAN, PETER |
| 9 (RLIN) | 67174 |
| 245 ## - TITLE STATEMENT | |
| Title | UNDERSTANDING ELECTRICITY AND ELECTRONICS TECHNOLOGY |
| 250 ## - EDITION STATEMENT | |
| Edition statement | 5TH |
| 260 ## - PUBLICATION, DISTRIBUTION, ETC. | |
| Place of publication, distribution, etc. | NEW YORK |
| Name of publisher, distributor, etc. | MCGRAW HILL |
| Date of publication, distribution, etc. | 1987 |
| 300 ## - PHYSICAL DESCRIPTION | |
| Extent | 520P |
| 650 ## - SUBJECT ADDED ENTRY--TOPICAL TERM | |
| Topical term or geographic name entry element | ELECTRONICS JEVENILE LITERATURE ELECTRIC ENGINEERING JEVENILE LITERATUR |
| 9 (RLIN) | 67175 |
| 942 ## - ADDED ENTRY ELEMENTS (KOHA) | |
| Koha item type | Book |
| Withdrawn status | Lost status | Damaged status | Not for loan | Permanent Location | Current Location | Shelving location | Date acquired | Total Checkouts | Full call number | Barcode | Date last seen | Price effective from | Koha item type |
|---|---|---|---|---|---|---|---|---|---|---|---|---|---|
| College of Electrical & Mechanical Engineering (CEME) | College of Electrical & Mechanical Engineering (CEME) | General Stacks | 08/01/2017 | 621.3 BUB | CEME-27441 | 06/28/2021 | 06/28/2021 | Book |
